| 000 | 00971pam a2200289 i 4500 | ||
|---|---|---|---|
| 999 |
_c28662 _d28633 |
||
| 001 | 016775322 | ||
| 003 | EG-ScBUE | ||
| 005 | 20200906111353.0 | ||
| 008 | 140428s2014 enka f 000 0 eng d | ||
| 020 | _a9781780672281 (hbk.) | ||
| 040 |
_aStDuBDS _beng _erda _cStDuBDS _dUk _dEG-ScBUE |
||
| 082 | 0 | 4 |
_a779 _bSHO _222 |
| 100 | 1 |
_aShore, Robert _q(Robert M.), _eauthor. _920869 |
|
| 245 | 1 | 0 |
_aPost-photography : _bthe artist with a camera / _cRobert Shore. |
| 264 | 1 |
_aLondon : _bLaurence King Publishing, _c2014. |
|
| 300 |
_a272 pages : _billustrations (black and white, and colour) ; _c28 cm |
||
| 336 |
_atext _2rdacontent _btxt |
||
| 336 |
_astill image _2rdacontent _btxt |
||
| 337 |
_aunmediated _2rdamedia _bn |
||
| 338 |
_avolume _2rdacarrier _bnc |
||
| 500 |
_aFormerly CIP. _5Uk |
||
| 650 | 7 |
_aPhotography, Artistic. _2BUEsh |
|
| 653 |
_bGGEN _cAugust2020 |
||
| 655 |
_vReading book _934232 |
||
| 942 |
_2ddc _cBB |
||